The art of accompaniment from a thorough-bass : as practised in the XVIIth & XVIIIth centuries /

Bibliographic Details
Main Author: Arnold, F. T. (Franck Thomas), 1861-1940
Format: Book
Language:English
Published: New York : Dover Publications, [1965]
Series:American Musicological Society-Music Library Association reprint series.
Subjects:

MARC

Tag First Indicator Second Indicator Subfields
LEADER 00000cam a2200000 4500
001 in00000034681
005 20151007062006.0
008 740508r19651931nyug 00010 eng u
010 |a  65024022  
035 |a (OCoLC)00880634 
035 |9 AAD3693AM 
040 |c HAM  |d TXA  |d UtOrBLW 
049 |a TXAM  |v 1 [462962]  |v 2 [462963] 
050 0 |a ML442  |b .A7 1965 
082 0 |a 781.660903 
092 |a 781.66  |b A753a 
100 1 |a Arnold, F. T.  |q (Franck Thomas),  |d 1861-1940. 
245 1 4 |a The art of accompaniment from a thorough-bass :  |b as practised in the XVIIth & XVIIIth centuries /  |c by F. T. Arnold. With a new introduction by Denis Stevens. 
264 1 |a New York :  |b Dover Publications,  |c [1965] 
300 |a 2 volumes :  |b music. ;  |c 24 cm. 
336 |a text  |b txt  |2 rdacontent 
337 |a unmediated  |b n  |2 rdamedia 
338 |a volume  |b nc  |2 rdacarrier 
490 1 |a American Musicological Society-Music Library Association reprint series 
500 |a "This Dover edition is an unabridged and unaltered republication of the work first published in 1931." 
650 0 |a Continuo. 
830 0 |a American Musicological Society-Music Library Association reprint series. 
999 |a MARS 
999 f f |s 3ff127e4-e6cd-3c74-aa9b-f65b11cf3b12  |i d697fe0b-c059-3266-a8d1-693d995ff84c  |t 0 
952 f f |p ric  |a Texas A&M University  |b Rellis Campus  |c Joint Library Facility  |d Remote Storage  |t 0  |e ML442 .A7 1965  |h Library of Congress classification  |i unmediated -- volume  |k v.2  |m A14801170059 
952 f f |p ric  |a Texas A&M University  |b Rellis Campus  |c Joint Library Facility  |d Remote Storage  |t 0  |e ML442 .A7 1965  |h Library of Congress classification  |i unmediated -- volume  |k v.1  |m A14801170041 
998 f f |a ML442 .A7 1965  |s v.1-v.2  |t 0  |l Remote Storage